000 00261nam a2200097Ia 4500
082 _a305 WELS
245 0 _aEMBT arquitectes
100 _a Asensio Cerver, Francisco West Byfleet, 2003
_982811
942 _cBK
008 210817s9999 xx 000 0 und d
999 _c300329
_d300327